00930nam a2200241 a 4500001001000000003000500010005001700015008004100032010001100073011001100084040000900095100003000104245018300134260004100317500006000358502007700418650002900495650002300524650002900547650002100576650002100597856007000618000116234CHAP20220329144606.0191010s2019 mx a |sm |||||||spa d a112695 a113667 cCHAP1 aMoreno Martínez, Edgar.10aCalidad fisiológica de semillas de Physalis ixocarpa Brot. ex Hornem :h[En línea]bprotocolos de colecta, acondicionamieneto y conservación /cpor Rdgar Moreno Martínez. aChapingo, Méx. :bEl autor,c2019. aPara ver el contenido del material haga clic en la liga aTesis (Ing. Agr. Esp. en Fitotecnia) -- UACH. Departamento de Fitotecnia01aSemillasxConservación14aSemillasxCalidad.14aSemillasxGerminación.14aSemillasxVigor.14aTomatexSemilla. aFinding aiduhttp://10.13.5.2/tesis/sist116234.pdfzTeclea aquí